000 01204nam a2200265Ia 4500
003 Ost
005 20260507074925.0
008 260507s9999||||xx |||||||||||||| ||und||
020 _a9957063200
040 _cfsecg
041 _aara
082 _a512
100 _aأبو زينة، فريد
_eمؤلف
245 0 _aالأعداد وتطبيقاتها الرياضية والحياتية /
_c فريد أبو زينة
260 _aعمان:
_bدار المسيرة,
_c2006
300 _a276 صفحة؛
_bإيضاحات ؛
_c25 سم
504 _aببليوغرافيا: ص.276
520 _aالرياضيات والتفكير الرياضي، المجموعات والعمليات عليها، الأعداد الطبيعية والصحيحة، مادئ في نظرية العدد، الأعداد النسبية وغير النسبية، النسبة والتناسب، التوزيعات التكراراية وتمثيلها بيانيا
653 _aالأعداد الجبرية
653 _aالجبر
653 _aالرياضيات
700 _aالخطيب، خالد
_eمؤلف ثانوي
700 _aالصباغ، سميلة
_eمؤلف ثانوي
942 _cكتاب
999 _c41821
_d41821